|
|
|
|
| LEADER |
008630000a22002770004500 |
| 020 |
|
|
|a 81-7000-245-1
|
| 082 |
|
|
|a 025.002 855 3 N91
|
| 100 |
|
|
|a Raghavan, K S; Author
|
| 100 |
|
|
|a Sanjeevi Amba; Author
|
| 245 |
|
|
|a CDS/ISIS: a primer
|
| 250 |
|
|
|
| 260 |
|
|
|a New Delhi, Ess Ess Publications
|
| 260 |
|
|
|c 1999
|
| 460 |
|
|
|a 173p
|
| 465 |
|
|
|a Rs.375.00
|
| 500 |
|
|
|a Includes index
|
| 500 |
|
|
|a Sanjeevi Amba and K S Raghavan
|
| 650 |
|
|
|a Automation
|
| 650 |
|
|
|a CDS/ISIS (Database management)
|
| 650 |
|
|
|a Database management
|
| 650 |
|
|
|a Integrated library systems (Computers)
|
| 650 |
|
|
|a ISIS (Information retrieval system)
|
| 650 |
|
|
|a Libraries
|
| 942 |
|
|
|c BK
|
| 999 |
|
|
|c 34087
|d 34087
|
| 952 |
|
|
|0 0
|1 0
|4 0
|6 025_002000000000000_855_3_N91
|7 0
|8 ENG
|9 34396
|a MGUL
|b MGUL
|d 2013-07-16
|e Rs.375.00
|l 0
|o 025.002 855 3 N91
|p 34509
|r 2013-07-16
|w 2013-07-16
|y BK
|